000 00401cam a2200157ua 4500
041 _amal
_h
082 _a894.812 803 54
_bPAR/TA
100 _aParameswaran Pillai, V R .
245 _aTakshashila Yatra /
_cV R Parameswaran Pillai.
_hTextual Documents
250 _a1 /
_b.
260 _aCalicut :
_bP K Brothers ,
_c1959.
300 _a112 ; .
504 _a
942 _cBK
999 _c6556
_d6556